| 000 | 00570nam a22001817a 4500 | ||
|---|---|---|---|
| 005 | 20260306101007.0 | ||
| 008 | 260306b |||||||| |||| 00| 0 eng d | ||
| 020 | _a978-178583410-3 | ||
| 050 | _aLB 1055 .N45 2019 | ||
| 100 | _aNELMES ,PETER | ||
| 245 | _aTROUBLED HEARTS ,TROUBLED MINDS: MAKING SENSE OF THE EMOTIONAL DIMENSION OF LEARNING | ||
| 250 | _a1ST | ||
| 260 |
_aWILLISTON _bCROWN HOUSE PUBLISHING COMPANY LLC _c2019 |
||
| 300 | _aII,170P.ILL | ||
| 500 | _aINCLUDES BIBLIOGRAPHICAL REFERENCES | ||
| 650 | _a1.EDUCATIONAL PSYCHOLOGY | ||
| 942 |
_2lcc _cBK |
||
| 999 |
_c216794 _d216794 |
||